ក្របខ័ណ្ណុយុទ្ធសាស្រ្តគោលនយោបាយដីធ្លី (Record no. 9318)
[ view plain ]
| 000 -LEADER | |
|---|---|
| fixed length control field | 00434nam a22001097a 4500 |
| 040 ## - CATALOGING SOURCE | |
| Transcribing agency | SY |
| 082 ## - DEWEY DECIMAL CLASSIFICATION NUMBER | |
| Classification number | 333 |
| 100 ## - MAIN ENTRY--AUTHOR NAME | |
| Personal name | ក្រុមប្រឹក្សាគោលនយោបាយដីធ្លី |
| 245 ## - TITLE STATEMENT | |
| Title | ក្របខ័ណ្ណុយុទ្ធសាស្រ្តគោលនយោបាយដីធ្លី |
| 260 ## - PUBLICATION, DISTRIBUTION, ETC. (IMPRINT) | |
| Place of publication | រដ្ឋាភិបាល |
| Name of publisher | ក្រុមប្រឹក្សា |
| Year of publication | 2002 |
| 942 ## - ADDED ENTRY ELEMENTS (KOHA) | |
| Koha item type | សៀវភៅភាសាខ្មែរ |
| 952 ## - LOCATION AND ITEM INFORMATION (KOHA) | |
| Withdrawn status [LOCAL, KOHA] | 0 |
| 952 ## - LOCATION AND ITEM INFORMATION (KOHA) | |
| Withdrawn status [LOCAL, KOHA] | 0 |
| Permanent Location | Date acquired | Koha item type | Lost status | Shelving location | Barcode | Current Location | Full call number |
|---|---|---|---|---|---|---|---|
| Library Block C | 2016-08-31 | សៀវភៅភាសាខ្មែរ | C196 | RUA045588 | Library Block C | 333 ក្រុមប្រឹក្សា 2002 C196 | |
| Library Block C | 2016-08-31 | សៀវភៅភាសាខ្មែរ | C196 | RUA042316 | Library Block C | 333 ក្រុមប្រឹក្សា 2002 C196 |